Under a mushroom cloud : Europe, Iran and the bomb (Record no. 407687)

MARC details
000 -LEADER
fixed length control field 00302nam a2200097Ia 4500
082 ## - DEWEY DECIMAL CLASSIFICATION NUMBER
Classification number 327.17470955 OTTO
008 - FIXED-LENGTH DATA ELEMENTS--GENERAL INFORMATION
fixed length control field 210817s9999 xx 000 0 und d
100 ## - MAIN ENTRY--PERSONAL NAME
Personal name Ottolenghi, Emanuele London, [c.2009]
9 (RLIN) 75914
245 #0 - TITLE STATEMENT
Title Under a mushroom cloud : Europe, Iran and the bomb
942 ## - ADDED ENTRY ELEMENTS
item type Books

No items available.